Comedias mitológicas : (Registro nro. 83448)
[ vista simple ]
| 000 -CABECERA | |
|---|---|
| Longitud fija campo de control | 00518nam a2200157 4500 |
| 008 - DATOS DE LONGITUD FIJA--INFORMACIÓN GENERAL | |
| Códigos de información de longitud fija | 260212b sp |||gr|||| 000 d spa d |
| 040 ## - FUENTE DE LA CATALOGACIÓN | |
| Centro catalogador de origen | EC-QuCCB |
| 082 ## - | |
| Número de clasificación | 862 |
| Número de documento | C1466 |
| 100 1# - ENTRADA PRINCIPAL--NOMBRE DE PERSONA | |
| Nombre de persona | Calderón de la Barca, Pedro |
| Fechas asociadas con el nombre | 1600-1681 |
| 9 (RLIN) | 163 |
| 245 ## - MENCIÓN DE TÍTULO | |
| Título | Comedias mitológicas : |
| Parte restante del título | La fiera, el rayo y la piedra |
| 260 ## - PUBLICACIÓN, DISTRIBUCIÓN, ETC. (PIE DE IMPRENTA) | |
| Lugar de publicación, distribución, etc. | España : |
| Nombre del editor, distribuidor, etc. | Compañía Ibero-Americana de Publicaciones (CIAP), |
| Fecha de publicación, distribución, etc. | [Fecha de Publicación no identificada] |
| 300 ## - DESCRIPCIÓN FÍSICA | |
| Extensión | 215 páginas ; |
| Dimensiones | 18 cm |
| 590 ## - NOTA LOCAL (RLIN) | |
| Nota local | jcc |
| 942 ## - ELEMENTOS DE PUNTO DE ACCESO ADICIONAL (KOHA) | |
| Koha [por defecto] tipo de item | Monografía |
| Suprimido | Perdido | Fuente de clasificación o esquema | Estropeado | No se presta | Koha Colección | Localización (Biblioteca) | Localización actual | Localización en estanterías | Fecha adquisición | Fuente de adquisición | Préstamos totales | Clasificación completa | Fecha última consulta | Número de ejemplar | Fecha del precio de reemplazo | Nota sin despliegue público (lost item payment) | Tipo de item de Koha |
|---|---|---|---|---|---|---|---|---|---|---|---|---|---|---|---|---|---|
| Disponible | Dewey Decimal Classification | Sin daños | LENGUAS y LITERATURA | Biblioteca y Archivo de la CCE | Biblioteca y Archivo de la CCE | LENGUAS y LITERATURA | 12/02/2026 | Donación Sr. Zapata | 862 C1466 | 12/02/2026 | Ej. 1 | 12/02/2026 | jcc | Monografía |























